Britannica Atlas. (Record no. 9529)

MARC details
000 -LEADER
campo de control de longitud fija 00525nam a2200193 i 4500
001 - NÚMERO DE CONTROL
campo de control 9529
003 - IDENTIFICADOR DE NÚMERO DE CONTROL
campo de control ES-MaACL
005 - FECHA Y HORA DE LA ÚLTIMA TRANSACCIÓN
campo de control 20250724094348.0
007 - CAMPO FIJO DE DESCRIPCIÓN FÍSICA--INFORMACIÓN GENERAL
campo de control de longitud fija t|
008 - DATOS DE LONGITUD FIJA--INFORMACIÓN GENERAL
campo de control de longitud fija 931007s1991 xxu ||||1| eng d
020 ## - NÚMERO INTERNACIONAL ESTÁNDAR DEL LIBRO
Número Internacional Estándar del Libro 0068-1148
080 ## - NÚMERO DE LA CLASIFICACIÓN DECIMAL UNIVERSAL
Número de la Clasificación Decimal Universal 912(100)(002)
245 00 - MENCIÓN DEL TÍTULO
Título Britannica Atlas.
260 ## - PUBLICACIÓN, DISTRIBUCIÓN, ETC.
Lugar de publicación, distribución, etc. Chicago [etc.] :
Nombre del editor, distribuidor, etc. Enciclopaedia Britannica,
Fecha de publicación, distribución, etc. cop. 1991.
300 ## - DESCRIPCIÓN FÍSICA
Extensión 320, 199 p. :
Otras características físicas principalmente map. ;
Dimensiones 37 cm.
650 #7 - PUNTO DE ACCESO ADICIONAL DE MATERIA--TÉRMINO DE MATERIA
Término de materia o nombre geográfico como elemento de entrada Atlas
Fuente del encabezamiento o término embne
9 (RLIN) 10407
852 ## - LOCALIZACIÓN
Ubicación ES-MaACL
Número de control de estantería B-292
Sublocalización o colección R.121810
Holdings
Estatus retirado Estado de pérdida Estado de daño No para préstamo Biblioteca de origen Biblioteca actual Ubicación en estantería Fecha de adquisición Fuente de adquisición Total de préstamos Signatura topográfica completa Código de barras Visto por última vez Precio de reemplazo Tipo de ítem Koha
        Biblioteca del Ateneo de Madrid Biblioteca del Ateneo de Madrid Sala Pardo Bazán 17/01/2008     B-292 1009722 23/02/2023 23/02/2023 Libro impreso